000 004970000a22001930004500
999 _c49270
_d49270
001 2123
003 CO-MdFUSB
005 20171115160308.0
008 171115b xxu||||| |||| 00| 0 eng d
020 _a958-9237-92-2
040 _cCO-MdBIC
082 0 4 _a863C R479t
100 1 _aRíos Lopera, Daniel
245 1 0 _aLos tiburones a veces tienen pesadillas / Daniel Ríos Lopera
260 _aMedellín : Ideas y palabras
300 _a58 p.
650 1 4 _aCuentos Colombianos
942 _cLGB